Symmetric and Asymmetric Dynamics of Output Gap and Inflation Relation for Turkish Economy

Tento článok využíva symetrické a asymetrické testovacie postupy na skúmanie problematiky vzťahu medzi produkčnou medzerou a infláciou pre tureckú ekonomiku s použitím údajov od roku 2002 do roku 2021. Najprv analyzuje kointegráciu aplikovaním rôznych kointegračných testov, berúc do úvahy štrukturál...

Ausführliche Beschreibung

Gespeichert in:
Bibliographische Detailangaben
1. Verfasser: Biçer, Burhan
Weitere Verfasser: Burgac Cil, Almila
Format: Buchkapitel
Sprache:Englisch
Schlagworte:
Tags: Tag hinzufügen
Keine Tags, Fügen Sie das erste Tag hinzu!

MARC

LEADER 00000naa a2200000 4500
001 0297582
005 20231212093301.4
041 0 |a eng 
044 |a CZ 
245 1 0 |a Symmetric and Asymmetric Dynamics of Output Gap and Inflation Relation for Turkish Economy  |c Burhan Biçer, Almila Burgac Cil 
520 |a Tento článok využíva symetrické a asymetrické testovacie postupy na skúmanie problematiky vzťahu medzi produkčnou medzerou a infláciou pre tureckú ekonomiku s použitím údajov od roku 2002 do roku 2021. Najprv analyzuje kointegráciu aplikovaním rôznych kointegračných testov, berúc do úvahy štrukturálne zlomy a asymetrické správanie, aby odhalila, či sa vzťah medzi čiastkovými obdobiami líši. Následne skúma asymetrickú kauzalitu medzi rôznymi rokmi. Naše empirické výsledky naznačujú, že medzi sériami existuje dlhodobý vzťah v existencii dvoch štrukturálnych zlomov a asymetrie. Výsledky tiež ukazujú asymetrickú kauzalitu. 
610 2 0 |a Turecko 
610 2 0 |a inflácia 
610 2 0 |a vzťahy ekonomické 
610 2 0 |a dynamika ekonomiky 
100 1 |a Biçer, Burhan 
700 1 |a Burgac Cil, Almila